Hỏi đáp lịch sử Việt Nam

Wedi'i Gadw mewn:
Manylion Llyfryddiaeth
Awdur Corfforaethol: Nhóm Nhân Văn Trẻ
Fformat: Llyfr
Iaith:Undetermined
Cyhoeddwyd: Thành phố Hồ Chí Minh Trẻ 2007
Pynciau:
Tagiau: Ychwanegu Tag
Dim Tagiau, Byddwch y cyntaf i dagio'r cofnod hwn!
Thư viện lưu trữ: Trung tâm Học liệu Trường Đại học Cần Thơ
LEADER 00557nam a2200205Ia 4500
001 CTU_128608
008 210402s9999 xx 000 0 und d
020 |c 46000 
082 |a 959.7 
082 |b H428/T.4 
110 |a Nhóm Nhân Văn Trẻ 
245 0 |a Hỏi đáp lịch sử Việt Nam 
245 0 |c Nhóm Nhân Văn Trẻ 
260 |a Thành phố Hồ Chí Minh 
260 |b Trẻ 
260 |c 2007 
650 |a Viet Nam 
650 |x History 
904 |i Minh 
980 |a Trung tâm Học liệu Trường Đại học Cần Thơ